LDR 00929naa#a2200181#i#450# 001 RU\\bibl\118709 005 20260515150658.5 011 ## _a1994-4683 100 ## _a20230428b2023####ek#y0rusy0150####ca 102 ## _aRU 200 1# _aПОДВИЖНЫЕ ИГРЫ КАК ФОРМА ОБУЧЕНИЯ МЛАДШИХ ШКОЛЬНИКОВ ПРАВИЛАМ БЕЗОПАСНОГО ПОВЕДЕНИЯ НА УРОКАХ ФИЗИЧЕСКОЙ КУЛЬТУРЫ _eЖурнальная статья 210 1# _aМосква _cНациональный государственный Университет физической культуры, спорта и здоровья им. П.Ф. Лесгафта _d2023 215 ## _a4 с. 608 ## _aЖурнальная статья _2local 675 ## _aфизической культуре. 372.879.6 _z 700 #1 _aКузекевич _gВ Р 700 #1 _aРусаков _gА А 856 4# _auchzapiski.lesgaft.spb.ru _u